000 00632nam a22002297a 4500
003 UA-OsUOA
001 73911
007 ta
008 20110321b un ||||| |||| 00| 0 ukr d
090 _a324(477)
_bВ41
942 _cBK
040 _aUA-OsUOA
_bukr
_cUA-OsUOA
_dUA-OsUOA
245 _aВибори Президента України 2010 року.
_bІнформаційно-аналітичне видання.
300 _a904 с.
955 _a2
041 _aukr
080 _a324(477)
020 _a978-966-651-819-7
260 _aК.
_bФенікс
_c2010
650 7 _a32 Політика
_2UDC
999 _c360197
_d360197